000
00345 a2200157 4500
001
145811
040
_c
Leonardo Da Vinci
041
_a
Inglês
082
_a
028.5 B444
_b
B444
100
_a
BELLINI,Paloma
245
_a
The Secret Passage
260
_b
HUB EDITORIAL
_c
2011
_a
São Paulo
300
_a
32p
362
_a
20110000
942
_c
BK
999
_c
145811
_d
145811